Los sainetes de Ramón de la Cruz (Record no. 58655)

MARC details
000 -LEADER
campo de control de longitud fija 00576nam a2200193 i 4500
001 - NÚMERO DE CONTROL
campo de control 58655
003 - IDENTIFICADOR DE NÚMERO DE CONTROL
campo de control ES-MaACL
005 - FECHA Y HORA DE LA ÚLTIMA TRANSACCIÓN
campo de control 20230906163845.0
007 - CAMPO FIJO DE DESCRIPCIÓN FÍSICA--INFORMACIÓN GENERAL
campo de control de longitud fija t|
008 - DATOS DE LONGITUD FIJA--INFORMACIÓN GENERAL
campo de control de longitud fija 031023s1983 sp ||||1| spa d
100 0# - ENTRADA PRINCIPAL--NOMBRE DE PERSONA
Nombre de persona Ebersole, Alva V.
9 (RLIN) 46472
245 14 - MENCIÓN DEL TÍTULO
Título Los sainetes de Ramón de la Cruz
Resto del título : nuevo examen /
Mención de responsabilidad, etc. Alva V. Ebersole.
260 ## - PUBLICACIÓN, DISTRIBUCIÓN, ETC.
Lugar de publicación, distribución, etc. [Valencia] :
Nombre del editor, distribuidor, etc. Albatros,
Fecha de publicación, distribución, etc. [1983]
300 ## - DESCRIPCIÓN FÍSICA
Extensión 130 p. ;
Dimensiones 24 cm.
490 1# - MENCIÓN DE SERIE
Mención de serie Albatros Hispanofila ;
Designación de volumen o secuencia 26
830 0# - PUNTO DE ACCESO ADICIONAL DE SERIE-TÍTULO UNIFORME
Título uniforme Albatros Hispanofila ;
Designación de volumen o secuencia 26
9 (RLIN) 182649
852 ## - LOCALIZACIÓN
Ubicación ES-MaACL
Número de control de estantería L-4418
Sublocalización o colección R.105285
Holdings
Estatus retirado Estado de pérdida Estado de daño No para préstamo Biblioteca de origen Biblioteca actual Ubicación en estantería Fecha de adquisición Fuente de adquisición Total de préstamos Signatura topográfica completa Código de barras Visto por última vez Precio de reemplazo Tipo de ítem Koha
        Biblioteca del Ateneo de Madrid Biblioteca del Ateneo de Madrid Depósito 2 17/01/2008     L-4418 1061536 23/02/2023 23/02/2023 Libro impreso